| 000 | 00710nam a2200253 i 4500 | ||
|---|---|---|---|
| 001 | 25705 | ||
| 003 | ES-MaACL | ||
| 005 | 20230906153322.0 | ||
| 007 | t| | ||
| 008 | 030102s1965 sp |||| | cat d | ||
| 080 | _a339.1 | ||
| 080 | _a338.98(04) | ||
| 100 | 1 |
_aArdant, Gabriel. _922525 |
|
| 245 | 1 | 0 |
_aPla de lluita contra la fam / _cGabriel Ardant ; versió catalana d'Isidre Molas. |
| 260 |
_aBarcelona : _bNova Terra, _c[1965] |
||
| 300 |
_a203 p. ; _c17 cm. |
||
| 490 | 1 |
_aSintesi ; _v11 |
|
| 650 | 0 | 4 |
_aHambre. _913292 |
| 650 | 0 | 4 |
_aPolítica económica. _916293 |
| 700 | 1 |
_aMolas, Isidre. _981844 |
|
| 830 | 0 |
_aSintesi ; _v11 _9181167 |
|
| 852 |
_aES-MaACL _jC-30070 |
||
| 999 |
_c25705 _d25705 |
||